Statistics for 2020 Top 10 NBA Forwards

Click here to take the quiz!

General Stats

  • This quiz has been taken 26 times
  • The average score is 7 of 10

Answer Stats

RankPlayer% Correct
3Kawhi Leonard
100%
2LeBron James
100%
1Giannis Antetokounmpo
95%
4Jayson Tatum
80%
7Jimmy Butler
80%
10Tobias Harris
65%
5Pascal Siakam
60%
9Khris Middleton
55%
8Brandon Ingram
30%
6Zion Williamson
30%

Score Distribution

Percentile by Number Answered

Percent of People with Each Score

Your Score History

You have not taken this quiz